|
|
|
|
| LEADER |
00000ny a22000003n 4500 |
| 005 |
20110609113655.0 |
| 008 |
050805s2006 sp 000 0 spa d |
| 020 |
|
|
|a 9788495665423
|
| 035 |
|
|
|a 1236
|
| 040 |
|
|
|a SpMaUCDE
|d vLex
|
| 080 |
|
|
|a 35.08(460)
|
| 090 |
|
|
|c 600
|d 600
|
| 100 |
1 |
|
|a Boltaina Bosch, Xavier
|
| 245 |
1 |
3 |
|a La funcionarizacin̤ del personal laboral al servicio de las administraciones pb︢licas
|h [Recurso electrn̤ico]
|b rǧimen jurd̕ico y proceso selectivo restringido /
|c autor, Xavier Boltaina Bosch ; prl̤ogo, Fernando Sìnz Moreno
|
| 256 |
|
|
|a Servicio en ln̕ea
|
| 260 |
|
|
|a Barcelona :
|b Cedecs,
|c 2006
|
| 300 |
|
|
|a p. ;
|c cm
|
| 490 |
1 |
|
|a Derecho administrativo
|
| 506 |
1 |
|
|a Contenido solo disponible en los productos indicados
|d vLex Global
|d vLex Global (Academic Edition, excluding Law Schools)
|d vLex Global (U.S. Academic Edition, Law Schools)
|d vLex Global (U.S. Academic Edition, excluding Law Schools)
|d vLex Global (Academic Edition, Law Schools)
|
| 650 |
0 |
7 |
|a Funcin̤ pb︢lica
|2 Tesauro vLex
|
| 650 |
0 |
7 |
|a Administrativo
|2 Tesauro vLex
|
| 650 |
0 |
7 |
|a Personal laboral de la Administracin̤
|2 Tesauro vLex
|
| 651 |
|
4 |
|a Espaą
|x Funcionarios
|
| 700 |
1 |
|
|a Sainz Moreno, Fernando,
|e prol.
|
| 740 |
0 |
|
|a vLex Libros (Servicios en ln̕ea)
|
| 830 |
|
0 |
|a Derecho administrativo (Cedecs)
|
| 856 |
4 |
0 |
|u http://vlex.com/source/1236
|z Acceso restringido
|
| 942 |
|
|
|c BOOK
|
| 999 |
0 |
|
|a Administrative law
|b Barcelona
|